000 00339nam a2200157Ia 4500
003 OSt
005 20231107060112.0
008 170524s9999 xx 000 0 und d
020 _a0750652675
040 _cIIMT
100 _aKhan M Y
100 _c2007
245 0 _aFinancial Management
260 _aTata McGraw Hill
942 _2ddc
_c02
999 _c2301
_d2301